Statistics for Taylor Swift - long story short Lyrics

Click here to take the quiz!

General Stats

  • This quiz has been taken 69 times
  • The average score is 313 of 388

Answer Stats

Answer% Correct
I
100%
a
97%
all
97%
Long
97%
short
97%
story
97%
The
97%
the
97%
bad
93%
in
93%
it
93%
No
93%
Now
93%
time
93%
was
93%
you
93%
guy
90%
I'm
90%
me
90%
wrong
90%
about
86%
of
86%
rabbit
86%
right
86%
Right
86%
to
86%
down
83%
fell
83%
from
83%
he
83%
hole
83%
my
83%
Oh
83%
survived
83%
Your
83%
your
83%
and
79%
And
79%
by
79%
on
79%
pedestal
79%
When
79%
Yeah
79%
yeah
79%
go
76%
if
76%
If
76%
just
76%
lips
76%
nearest
76%
not
76%
walk
76%
war
76%
Ever
72%
fits
72%
(Keep
72%
keep
72%
Like
72%
like
72%
more)
72%
more
72%
shoe
72%
this
72%
'til
72%
we
72%
battle
69%
before
69%
break
69%
'Cause
69%
Fatefully
69%
get
69%
heels
69%
high
69%
keepin'
69%
Misery
69%
pick
69%
picked
69%
precipice
69%
score
69%
these
69%
tug
69%
warm
69%
warm)
69%
Will
69%
battles
66%
both
66%
But
66%
chance
66%
Clung
66%
cuts
66%
defeat
66%
evermore
66%
(Know
66%
know
66%
passed
66%
Past
66%
petty
66%
sleep
66%
tell
66%
there's
66%
things
66%
tried
66%
ways
66%
better
62%
knife
62%
look
62%
meet
62%
Pushed
62%
ready
62%
shore
62%
sides
62%
sky
62%
surrounded
62%
us
62%
waves
62%
At
59%
at
59%
comes
59%
door
59%
must
59%
nemeses
59%
shouted
59%
swing
59%
themselves
59%
view
59%
wanna
59%
words
59%
alley
55%
always
55%
as
55%
back
55%
comet
55%
dropped
55%
everywhere
55%
glimmer
55%
knocked
55%
lost
55%
passing
55%
rear
55%
someone
55%
sword
55%
up
55%
Climbed
52%
felt
52%
Missing
52%
peace
52%
they
52%
bushes
48%
he's
48%
home
48%
live
48%
once
48%
Rare
48%
threw
48%
Actually
45%
gates
45%
golden
45%
keys
45%
feels
41%
cliff
38%
held
38%

Score Distribution

Percentile by Number Answered

Percent of People with Each Score

Your Score History

You have not taken this quiz